| 000 | 00720nam a22001937a 4500 | ||
|---|---|---|---|
| 999 |
_c10361 _d10361 |
||
| 003 | AR-CdUCM | ||
| 008 | 190401b ||||| |||| 00| 0 spa d | ||
| 040 |
_aMUNICIPALIDAD PROVINCIAL DEL CUSCO _cBIBLIOTECA MUNICIPAL DEL CUSCO |
||
| 082 |
_aEP /800 / _bL75 |
||
| 100 |
_aLobato, Monteiro _927161 |
||
| 245 | _aGeografía para niños / | ||
| 260 |
_aBuenos aires : _bLosada, _c1958. |
||
| 300 |
_a151 paginas ; _c20 cm. |
||
| 505 | _aContenido :El universo, la danza de las estrellas en el espacio -- La tierra vista desde la luna -- La tierra es redondita -- La miga de la tierra -- La punta del jamón ... | ||
| 650 |
_aGeografía _9318 |
||
| 650 |
_aHistoria universal _91423 |
||
| 942 |
_2ddc _cLIBROS |
||
| 945 | _arum | ||